UITU Library & LRC     

Expert Systems and Applied Artificial Intelligence (Record no. 25901)

MARC details
000 -LEADER
fixed length control field 00457nam a2200169Ia 4500
008 - FIXED-LENGTH DATA ELEMENTS--GENERAL INFORMATION
fixed length control field 241115s9999 xx 000 0 und d
020 ## - INTERNATIONAL STANDARD BOOK NUMBER
International Standard Book Number 0-02-421665-8
082 ## - DEWEY DECIMAL CLASSIFICATION NUMBER
Classification number 006.3 TUR
100 ## - MAIN ENTRY--PERSONAL NAME
Personal name Turban, Efraim
245 #0 - TITLE STATEMENT
Title Expert Systems and Applied Artificial Intelligence
250 ## - EDITION STATEMENT
Edition statement .NA
260 ## - PUBLICATION, DISTRIBUTION, ETC.
Place of publication, distribution, etc. New York:
Name of publisher, distributor, etc. Macmillan Publishing Company
Date of publication, distribution, etc. 1992
300 ## - PHYSICAL DESCRIPTION
Extent xxii,804p.
600 ## - SUBJECT ADDED ENTRY--PERSONAL NAME
Personal name Computer Science
650 ## - SUBJECT ADDED ENTRY--TOPICAL TERM
Topical term or geographic name entry element Computer Science
942 ## - ADDED ENTRY ELEMENTS (KOHA)
Koha item type Book Bank Data
Holdings
Withdrawn status Lost status Damaged status Not for loan Collection Home library Current library Date acquired Source of acquisition Cost, normal purchase price Total checkouts Barcode Date last seen Price effective from Koha item type
        BB-Computer Science UITU Library UITU Library 02/24/2006 FBC 77.50   BB1408 11/15/2024   Book Bank Data

Powered by Koha